Vybrané environmentálne súvislosti zmien historickej lazníckej krajiny (na príklade obce Hrušov okres Veľký Krtíš)

Práce zamerané na výskum rozptýleného osídlenia na Slovensku. Analýza environmentálnych zmien lazníckej krajiny prostredníctvom zmien LC (land cover - krajinnej pokrývky) a KD (krajinnej diverzity). Porovnanie zmien v rokoch 1950 a 2010. Charakteristika územia a stručný historivký vývoj kultúrnej kr...

ver descrição completa

Na minha lista:
Detalhes bibliográficos
Autor principal: Hanušin, Ján
Outros Autores: Lacika, Ján
Formato: Capítulo de Livro
Idioma:eslovaco
Assuntos:
Tags: Adicionar Tag
Sem tags, seja o primeiro a adicionar uma tag!

MARC

LEADER 00000naa a2200000 4500
001 0242842
005 20180514104804.0
041 0 |a slo 
044 |a SK 
245 1 0 |a Vybrané environmentálne súvislosti zmien historickej lazníckej krajiny (na príklade obce Hrušov okres Veľký Krtíš)  |c Ján Hanušin, Ján Lacika 
520 |a Práce zamerané na výskum rozptýleného osídlenia na Slovensku. Analýza environmentálnych zmien lazníckej krajiny prostredníctvom zmien LC (land cover - krajinnej pokrývky) a KD (krajinnej diverzity). Porovnanie zmien v rokoch 1950 a 2010. Charakteristika územia a stručný historivký vývoj kultúrnej krajiny. Analýza zmien krajinnej pokrývky a krajinnej diverzity na celom území a v prírodných krajinných jednotkách. Analýza zmien krajinnej pokrývky a krajinnej diverzity v zázemí lazov. Vývoj a charakteristika lokálnej cestnej siete. 
610 2 0 |a geografia 
610 2 0 |a obce 
610 2 0 |a regióny 
610 2 0 |a osídlenie 
610 2 0 |a poľnohospodárstvo 
610 2 0 |a lesy 
610 2 0 |a pôda 
610 2 0 |a družstvá poľnohospodárske 
610 2 0 |a siete cestné 
100 1 |a Hanušin, Ján 
700 1 |a Lacika, Ján